Phát huy vai trò của trung tâm kĩ thuật tổng hợp - Hướng nghiệp trong việc thực hiện giáo dục hướng nghiệp cho học sinh phổ thông /
Guardado en:
| Autor principal: | |
|---|---|
| Formato: | Artículo |
| Lenguaje: | Vietnamese |
| Materias: | |
| Etiquetas: |
Agregar Etiqueta
Sin Etiquetas, Sea el primero en etiquetar este registro!
|
| Thư viện lưu trữ: | Thư viện Trường Đại học Đà Lạt |
|---|
| LEADER | 00859nam a2200253 4500 | ||
|---|---|---|---|
| 001 | DLU150169596 | ||
| 005 | ##20150601 | ||
| 040 | # | # | |a DLU |b vie |
| 041 | # | # | |a vie |
| 044 | # | # | |a vn |
| 100 | # | # | |a Trịnh Văn Cường, |c ThS. |
| 245 | # | # | |a Phát huy vai trò của trung tâm kĩ thuật tổng hợp - Hướng nghiệp trong việc thực hiện giáo dục hướng nghiệp cho học sinh phổ thông / |c Trịnh Văn Cường. |
| 653 | # | # | |a Dạy nghề |
| 653 | # | # | |a Giáo dục hướng nghiệp |
| 773 | # | # | |t Tạp chí Giáo Dục |g Số 205(1), 1/ 2009, tr.9-10 |
| 920 | # | # | |a Phòng Tạp chí -- Trung tâm Thông tin - Thư viện Trường Đại học Đà Lạt |
| 994 | # | # | |a DLU |
| 900 | # | # | |a True |
| 911 | # | # | |a Trần Thị Minh Hương |
| 925 | # | # | |a G |
| 926 | # | # | |a A |
| 927 | # | # | |a BB |
| 980 | # | # | |a Thư viện Trường Đại học Đà Lạt |